Gramática elemental de la Lengua Sánscrita
Сохранить в:
| Главный автор: | |
|---|---|
| Формат: | |
| Язык: | Undetermined |
| Опубликовано: |
México, Distrito Federal
El Colegio de México
1982
|
| Предметы: | |
| Метки: |
Добавить метку
Нет меток, Требуется 1-ая метка записи!
|
MARC
| LEADER | 00000nam a2200000Ia 4500 | ||
|---|---|---|---|
| 008 | 170316s9999 xx 000 0 und d | ||
| 090 | |a 415-S G-1g | ||
| 100 | |a Gonda, Jan | ||
| 245 | |a Gramática elemental de la Lengua Sánscrita | ||
| 260 | |a México, Distrito Federal | ||
| 260 | |b El Colegio de México | ||
| 260 | |c 1982 | ||
| 300 | |a 135 páginas | ||
| 650 | |a GRAMÁTICA SANSCRITA | ||
| 999 | |c 19689 |d 19689 | ||
| 040 | |a cru BVZT | ||
| 942 | |c 15 D |h 415-S G-1g |2 z | ||
